| 000 | 00752nam a22002417a 4500 | ||
|---|---|---|---|
| 003 | UA-OsUOA | ||
| 001 | 47633 | ||
| 007 | ta | ||
| 008 | 20070814b un ||||| |||| 00| 0 ukr d | ||
| 100 | _aЯценко С. | ||
| 700 | _aКупрієвич О. | ||
| 090 |
_a811.111:343 _bЯ92 |
||
| 942 | _cBK | ||
| 040 |
_aUA-OsUOA _beng _cUA-OsUOA _dUA-OsUOA |
||
| 245 |
_aАнглійська мова в царині кримінального права _bНавчальний посібник |
||
| 300 | _a366 с. | ||
| 955 | _a2 | ||
| 041 | _aeng | ||
| 080 | _a811.111:343 | ||
| 260 |
_aК. _bШкола _c2004 |
||
| 650 | 7 |
_a8 Мовознавство. Художня література. Літературознавство _2UDC |
|
| 999 |
_c333734 _d333734 |
||